| 000 | 00672nam a22002297a 4500 | ||
|---|---|---|---|
| 005 | 20170124110155.0 | ||
| 010 | _aA-089922 | ||
| 020 |
_c00.00 _a006318138 |
||
| 035 | _aA-089922 | ||
| 037 | _bCen Lib/Ret | ||
| 040 |
_aDPL _bEN |
||
| 082 |
_a157 _bSPI |
||
| 100 |
_aSpielberger, Charles _934888 |
||
| 245 |
_aUnderstanding stress and anxiety / _cby Charles Spielberger |
||
| 260 |
_aLondon _bHarper & Row Publishers _c1979 |
||
| 270 | _bLondon | ||
| 300 |
_a128p.; _c19cm(Hb) _bill. |
||
| 500 | _aIncludes bibliographical references and index | ||
| 650 |
_z _aPsychology _934889 |
||
| 650 |
_aStress _934890 |
||
| 942 |
_2ddc _cEN _h157 _mSPI |
||
| 999 |
_c132493 _d132493 |
||